[Event "Lima Gran Prix IRT op"]
[Site "Lima"]
[Date "2015.12.14"]
[Round "5"]
[White "Donayre, Bertin"]
[Black "Escalante Ramirez, Brian Sebastian"]
[Result "1/2-1/2"]
[WhiteElo "2125"]
[BlackElo "2348"]
[PlyCount "69"]
[EventDate "2015.12.12"]
[EventType "swiss"]
[EventRounds "8"]
[EventCountry "PER"]
[SourceTitle "CBM 170 Extra"]
[Source "ChessBase"]
[SourceDate "2016.02.25"]
[SourceVersion "1"]
[SourceVersionDate "2016.02.25"]
[SourceQuality "1"]

1. e4 e6 2. d4 d5 3. Nc3 Bb4 4. e5 Ne7 5. a3 Bxc3+ 6. bxc3 c5 7. Qg4 cxd4 8. Qxg7 Rg8 9. Qxh7 Qc7 10. Ne2 Nbc6 11. f4 dxc3 12. Qd3 d4 13. Nxd4 Nxd4 14. Qxd4 Bd7 15. Rg1 Nf5 16. Qf2 Qc6 17. Bd3 Qd5 18. Be3 Nxe3 19. Qxe3 Rxg2 20. Rxg2 Qxg2 21. Be4 Qxh2 22. 0-0-0 Bc6 23. Kb1 Bxe4 24. Qxe4 Qf2 25. Qxb7 Qb6+ 26. Qxb6 axb6 27. Ka2 Ra4 28. Rf1 Kd7 29. Kb3 b5 30. Rf3 Kc6 31. Rxc3+ Kd5 32. Rd3+ Kc5 33. Rc3+ Kd5 34. Rd3+ Kc5 35. Rc3+ 1/2-1/2

[Event "Lima IPD Cup"]
[Site "Lima"]
[Date "2013.01.26"]
[Round "7"]
[White "Cori, Jorge Moise"]
[Black "Donayre, Bertin"]
[Result "1-0"]
[WhiteElo "2496"]
[BlackElo "1998"]
[PlyCount "63"]
[EventDate "2013.01.22"]
[EventType "swiss"]
[EventRounds "9"]
[EventCountry "PER"]
[SourceTitle "CBM 152 Extra"]
[Source "ChessBase"]
[SourceDate "2013.02.25"]
[SourceVersion "1"]
[SourceVersionDate "2013.02.25"]
[SourceQuality "1"]
[WhiteTeam "Peru"]
[WhiteTeamCountry "PER"]

1. d4 Nf6 2. c4 c5 3. d5 b5 4. cxb5 a6 5. b6 e6 6. Nc3 Nxd5 7. Nxd5 exd5 8. Qxd5 Nc6 9. e3 Be7 10. Nf3 Rb8 11. Bc4 0-0 12. 0-0 Rxb6 13. Qd2 d6 14. b3 Bf6 15. Bb2 Bxb2 16. Qxb2 Na5 17. Bd5 Be6 18. Rfd1 Qc7 19. Rac1 Rfb8 20. Qd2 Bxd5 21. Qxd5 Rc6 22. Nd2 h6 23. h3 c4 24. Nxc4 Rb5 25. Qe4 Rbc5 26. Qd3 Rg5 27. Rc2 Qd7 28. f4 Rgc5 29. Ne5 Qe6 30. Nxc6 Rxc2 31. Qxc2 Qxe3+ 32. Kh1 1-0

[Event "Lima IPD Cup"]
[Site "Lima"]
[Date "2013.01.26"]
[Round "8"]
[White "Donayre, Bertin"]
[Black "Suasnabar, Jesus"]
[Result "1-0"]
[WhiteElo "1998"]
[BlackElo "2083"]
[PlyCount "57"]
[EventDate "2013.01.22"]
[EventType "swiss"]
[EventRounds "9"]
[EventCountry "PER"]
[SourceTitle "CBM 152 Extra"]
[Source "ChessBase"]
[SourceDate "2013.02.25"]
[SourceVersion "1"]
[SourceVersionDate "2013.02.25"]
[SourceQuality "1"]

1. e4 c5 2. Nf3 Nc6 3. Nc3 e6 4. d4 cxd4 5. Nxd4 Qc7 6. Be3 a6 7. Bd3 Nf6 8. 0-0 Be7 9. Nb3 d6 10. f4 0-0 11. g4 Nd7 12. g5 Re8 13. Qh5 g6 14. Qh6 Bf8 15. Qh4 b5 16. Rf3 b4 17. Ne2 Bb7 18. Raf1 Nc5 19. Rh3 h5 20. Ng3 Nxd3 21. cxd3 Bg7 22. Rc1 Bxb2 23. Nxh5 gxh5 24. Qxh5 Kf8 25. f5 exf5 26. Nd4 Ke7 27. Nxf5+ Kd8 28. Rc2 Rh8 29. Nh6 1-0

[Event "Lima IPD Cup"]
[Site "Lima"]
[Date "2013.01.22"]
[Round "1"]
[White "Contreras, Jose"]
[Black "Donayre, Bertin"]
[Result "1/2-1/2"]
[WhiteElo "2186"]
[BlackElo "1998"]
[PlyCount "83"]
[EventDate "2013.01.22"]
[EventType "swiss"]
[EventRounds "9"]
[EventCountry "PER"]
[SourceTitle "CBM 152 Extra"]
[Source "ChessBase"]
[SourceDate "2013.02.25"]
[SourceVersion "1"]
[SourceVersionDate "2013.02.25"]
[SourceQuality "1"]

1. d4 Nf6 2. Nf3 c5 3. d5 b5 4. c4 e6 5. Bg5 exd5 6. cxd5 d6 7. e4 a6 8. a4 Be7 9. Nbd2 Nxd5 10. Nc4 Bb7 11. Bxe7 Qxe7 12. Nxd6+ Qxd6 13. exd5 0-0 14. Be2 c4 15. 0-0 Qxd5 16. Qxd5 Bxd5 17. Rfd1 Bb7 18. Ne5 f6 19. Nd7 Nxd7 20. Rxd7 Rf7 21. Rad1 Rxd7 22. Rxd7 Re8 23. Bf1 Bc6 24. Rc7 Be4 25. Rd7 Bc2 26. f4 Bxa4 27. Kf2 Bc2 28. Rd6 Bd3 29. Bxd3 cxd3 30. Rxd3 Re4 31. g3 Rb4 32. b3 Kf7 33. Ke2 a5 34. Kd2 a4 35. bxa4 bxa4 36. Rd7+ Kg6 37. Ra7 h5 38. Ke3 Rb3+ 39. Kf2 a3 40. Ra5 Rb2+ 41. Kf3 Rxh2 42. Rxa3 1/2-1/2

[Event "Lima IPD Cup"]
[Site "Lima"]
[Date "2013.01.22"]
[Round "2"]
[White "Donayre, Bertin"]
[Black "Leiva Rodriguez, Jeammarco Giuseppe"]
[Result "1/2-1/2"]
[WhiteElo "1998"]
[BlackElo "2058"]
[PlyCount "55"]
[EventDate "2013.01.22"]
[EventType "swiss"]
[EventRounds "9"]
[EventCountry "PER"]
[SourceTitle "CBM 152 Extra"]
[Source "ChessBase"]
[SourceDate "2013.02.25"]
[SourceVersion "1"]
[SourceVersionDate "2013.02.25"]
[SourceQuality "1"]

1. e4 c5 2. Nf3 d6 3. d4 cxd4 4. Nxd4 Nf6 5. Nc3 a6 6. Bc4 e6 7. Bb3 Nbd7 8. Bg5 Nc5 9. Qe2 h6 10. Bh4 Be7 11. 0-0-0 Qa5 12. Bg3 Nh5 13. Kb1 Nxg3 14. hxg3 Bd7 15. f4 Qc7 16. f5 0-0 17. Qg4 Bg5 18. fxe6 fxe6 19. Nf3 Be3 20. Rde1 Rxf3 21. gxf3 Bd2 22. Rd1 Bxc3 23. bxc3 Kf8 24. Qf4+ Ke7 25. Qh4+ Kf8 26. Qf4+ Ke7 27. Qh4+ Kf8 28. Qf4+ 1/2-1/2

[Event "Lima Morales Memorial op 3rd"]
[Site "Lima"]
[Date "2013.??.??"]
[Round "7"]
[White "Cuellar, Diego"]
[Black "Donayre, Bertin"]
[Result "1-0"]
[WhiteElo "2289"]
[BlackElo "2114"]
[PlyCount "81"]
[EventDate "2013.02.02"]
[EventType "swiss"]
[EventRounds "11"]
[EventCountry "PER"]
[SourceTitle "CBM 153 Extra"]
[Source "ChessBase"]
[SourceDate "2013.04.22"]
[SourceVersion "1"]
[SourceVersionDate "2013.04.22"]
[SourceQuality "1"]

1. e4 c5 2. Nc3 Nc6 3. f4 g6 4. Nf3 Bg7 5. Bc4 e6 6. f5 Nge7 7. fxe6 fxe6 8. d3 d5 9. Bb3 b5 10. a3 0-0 11. 0-0 c4 12. Ba2 h6 13. Kh1 a6 14. Qe1 g5 15. Ne2 Ng6 16. Rb1 Nce5 17. Nxe5 Nxe5 18. d4 Nc6 19. e5 Rxf1+ 20. Qxf1 Qb6 21. c3 Bd7 22. Ra1 Rf8 23. Qe1 Be8 24. Bb1 Qd8 25. Bd2 Qe7 26. Bc2 a5 27. Kg1 Qa7 28. Kh1 Qe7 29. Rc1 Bh5 30. Ng3 Be8 31. Ne2 Bh5 32. h4 Bg4 33. hxg5 hxg5 34. Ng3 Bh6 35. Qg1 Kg7 36. Qh2 Qf7 37. Be3 Ne7 38. Bxg5 Rh8 39. Bf6+ Kf8 40. Rf1 Nf5 41. Nxf5 1-0

[Event "Lima GP IRT op"]
[Site "Lima"]
[Date "2013.??.??"]
[Round "8"]
[White "Donayre, Bertin"]
[Black "Cuellar, Diego"]
[Result "1/2-1/2"]
[WhiteElo "2131"]
[BlackElo "2350"]
[PlyCount "36"]
[EventDate "2013.08.21"]
[EventType "swiss"]
[EventRounds "9"]
[EventCountry "PER"]
[SourceTitle "CBM 156 Extra"]
[Source "ChessBase"]
[SourceDate "2013.10.22"]
[SourceVersion "1"]
[SourceVersionDate "2013.10.22"]
[SourceQuality "1"]

1. e4 e5 2. Nf3 Nc6 3. d4 exd4 4. Bc4 Nf6 5. e5 d5 6. Bb5 Ne4 7. Nxd4 Bd7 8. Bxc6 bxc6 9. 0-0 c5 10. Nb3 c6 11. c4 dxc4 12. N3d2 Nxd2 13. Nxd2 Be6 14. Qa4 Qb6 15. Qc2 Qa6 16. Ne4 Be7 17. Be3 Qb6 18. f4 Bf5 1/2-1/2

[Event "Lima Morales Memorial op 2nd"]
[Site "Lima"]
[Date "2012.01.28"]
[Round "6"]
[White "Donayre, Bertin"]
[Black "Villar Reymundo, Juan Antonio"]
[Result "1-0"]
[WhiteElo "2063"]
[BlackElo "1876"]
[PlyCount "55"]
[EventDate "2012.01.21"]
[EventType "swiss"]
[EventRounds "9"]
[EventCountry "PER"]
[SourceTitle "EXT 2014"]
[Source "ChessBase"]
[SourceDate "2013.11.20"]
[SourceVersion "1"]
[SourceVersionDate "2013.11.20"]
[SourceQuality "1"]

1. e4 d5 2. exd5 Nf6 3. d4 Bg4 4. Qd3 Qxd5 5. Nc3 Qd7 6. h3 Bf5 7. Qf3 c6 8. Bg5 Qe6+ 9. Be2 Ne4 10. Qe3 Nxg5 11. Qxg5 Bxc2 12. Nf3 Qf6 13. Qd2 Bg6 14. d5 e6 15. dxe6 Qxe6 16. 0-0 Bc5 17. Bc4 Qd7 18. Rfe1+ Kf8 19. Qg5 Be7 20. Qe3 Na6 21. Ne5 Qc7 22. Rad1 Bd6 23. Rxd6 Qxd6 24. Rd1 Qe7 25. Rd7 Qe8 26. Qf4 f6 27. Nxg6+ hxg6 28. Qd6+ 1-0

[Event "Pan American-ch U18"]
[Site "Medellin"]
[Date "2007.07.06"]
[Round "8"]
[White "Martins, Vinicius Tine"]
[Black "Donayre, Bertin"]
[Result "1-0"]
[WhiteElo "2256"]
[BlackElo "1981"]
[PlyCount "37"]
[EventDate "2007.07.02"]
[EventType "swiss"]
[EventRounds "9"]
[EventCountry "COL"]
[SourceTitle "EXT 2022"]
[Source "ChessBase"]
[SourceDate "2021.10.06"]
[SourceVersion "1"]
[SourceVersionDate "2021.10.06"]
[SourceQuality "1"]

1. e4 c5 2. Nc3 Nc6 3. Nge2 e6 4. d4 cxd4 5. Nxd4 Nf6 6. Ndb5 d6 7. Bf4 e5 8. Bg5 a6 9. Na3 b5 10. Bxf6 gxf6 11. Nd5 Bg7 12. c3 f5 13. exf5 Bxf5 14. Nc2 Be6 15. a4 Rb8 16. axb5 axb5 17. Ra6 Qc8 18. Nce3 Rb7 19. Qf3 1-0

[Event "Pan American-ch U18"]
[Site "Medellin"]
[Date "2007.07.05"]
[Round "7"]
[White "Donayre, Bertin"]
[Black "Gallego, Gonzalo"]
[Result "1/2-1/2"]
[WhiteElo "1981"]
[BlackElo "1987"]
[PlyCount "93"]
[EventDate "2007.07.02"]
[EventType "swiss"]
[EventRounds "9"]
[EventCountry "COL"]
[SourceTitle "EXT 2022"]
[Source "ChessBase"]
[SourceDate "2021.10.06"]
[SourceVersion "1"]
[SourceVersionDate "2021.10.06"]
[SourceQuality "1"]

1. e4 c6 2. d4 d5 3. exd5 cxd5 4. c4 Nf6 5. Nc3 Nc6 6. Bg5 Ne4 7. Be3 e6 8. Bd3 f5 9. Nge2 Be7 10. cxd5 exd5 11. Nf4 Nf6 12. a3 g5 13. Nfe2 Ne4 14. h4 Nxc3 15. Nxc3 g4 16. Qc2 Rf8 17. g3 Be6 18. Rc1 Rc8 19. b4 a6 20. Qb3 Qd7 21. Ne2 Ne5 22. dxe5 d4 23. Rxc8+ Qxc8 24. Qc2 Qxc2 25. Bxc2 dxe3 26. fxe3 Bd8 27. 0-0 Bc7 28. Nd4 Bc4 29. Rxf5 Rxf5 30. Bxf5 Bxe5 31. Kf2 a5 32. Bxg4 Bd6 33. Bf3 axb4 34. axb4 Bxb4 35. Bxb7 Kf7 36. Be4 Kg7 37. g4 Bc3 38. Kf3 h5 39. Nf5+ Kg8 40. g5 Be6 41. Ng3 Bg4+ 42. Kf4 Ba5 43. Bd5+ Kg7 44. Nf5+ Bxf5 45. Kxf5 Be1 46. Bf3 Bxh4 47. Bxh5 1/2-1/2